000 00780nam a2200217Ii 4500
003 JO-AjNU
008 230605s9999||||xx |||||||||||||| ||und||
017 _a2006/11/3162
040 _aJO-AjNU
_bara
_erda
_cJO-AjNU
041 _aara
050 1 4 _aHQ767.9 .N37 2011
100 3 _aالناشف، هدى محمود,
_eauthor
_927917
245 0 0 _aالاسرة وتربية الطفل = Family and Child Education
250 _aط2
264 3 1 _aعمان: دار المسيرو للنشر والتوزيع، 2011
300 _a240ص
_bيحتوي ببلوغرافية من ص 237-240ص
336 _atext
_btxt
_2rdacontent
337 _aunmediated
_bn
_2rdamedia
338 _avolume
_bnc
_2rdacarrier
650 4 _aالاسرة - اطفال - رعاية الطفولة
_927918
999 _aA10765
_c14333
_d14333